Classification and Cluster Analysis of Big Data Ecosystem Implementation
Významný trend v zavádzaní veľkých dát spojený s budovaním potrebnej technologickej infraštruktúry. Klastrové a klasifikačné analýzy vo forme rozhodovacích stromov. Definícia ekosystému veľkých dát. Technológie a riešenia na spracovanie veľkých dát.
Saved in:
| Main Author: | |
|---|---|
| Format: | Book Chapter |
| Language: | English |
| Subjects: | |
| Tags: |
No Tags, Be the first to tag this record!
|
MARC
| LEADER | 00000naa$a2200000$$$4500 | ||
|---|---|---|---|
| 001 | 0280929 | ||
| 005 | 20240502074348.9 | ||
| 041 | 0 | |a eng | |
| 044 | |a SK | ||
| 245 | 1 | 0 | |a Classification and Cluster Analysis of Big Data Ecosystem Implementation |c Martin Mišút |
| 520 | |a Významný trend v zavádzaní veľkých dát spojený s budovaním potrebnej technologickej infraštruktúry. Klastrové a klasifikačné analýzy vo forme rozhodovacích stromov. Definícia ekosystému veľkých dát. Technológie a riešenia na spracovanie veľkých dát. | ||
| 610 | 2 | 0 | |a technológia |
| 610 | 2 | 0 | |a infraštruktúra |
| 610 | 2 | 0 | |a ekosystémy |
| 610 | 2 | 0 | |a dáta |
| 610 | 2 | 0 | |a analýzy |
| 610 | 2 | 0 | |a Big Data |
| 100 | 1 | |a Mišút, Martin, 1962- | |